| 000 | 00395nam a22001577a 4500 | ||
|---|---|---|---|
| 999 |
_c8685 _d8685 |
||
| 003 | OSt | ||
| 008 | 200702b ||||| |||| 00| 0 eng d | ||
| 020 | _a 9351647412 | ||
| 100 | _aAlam , Sanjar | ||
| 245 | _aPharmaceutics -1 | ||
| 250 | _a3rd | ||
| 260 |
_aNew Delhi _bNirali Publisher _c2019 |
||
| 300 | _aMISC | ||
| 650 | _aPharmaceutics (Dispensing and General Pharmacy | ||
| 942 |
_2ddc _cBK _07 |
||